| 000 | 00800nam a2200217 a 4500 | ||
|---|---|---|---|
| 001 | 71456 | ||
| 003 | BD-RjUL | ||
| 005 | 20211209082120.0 | ||
| 008 | 170503s1980 bg a|||| |||| 00| 0 ben d | ||
| 035 | _a(BD-RjUL)71672 | ||
| 040 |
_aBD-RjUL _beng _cBD-RjUL _dBD-RjUL |
||
| 041 | _aeng | ||
| 082 |
_223 _a509 _bKHR 1980 |
||
| 100 | 1 |
_aখান, আনোয়ার করিম _9211414 |
|
| 245 | 1 | 0 |
_aরহস্যময় পৃথিবী / _cআনোয়ার করিম খান |
| 260 |
_aঢাকা : _bবাংলা একাডেমী, _c১৯৮০ [১৩৮৭] |
||
| 300 |
_a১১৫ পৃ. : _bচিত্র. ; _c৩২ সেমি. |
||
| 650 |
_aভৌগলিক চিকিত্সা _9211415 |
||
| 650 |
_aGeographic treatment _9211416 |
||
| 942 |
_2ddc _cBK |
||
| 999 |
_c71456 _d71456 |
||